| 000 | 01359nam a22003977a 4500 | ||
|---|---|---|---|
| 003 | OSt | ||
| 005 | 20230519093912.0 | ||
| 008 | 221006b |||||||| |||| 00| 0 eng d | ||
| 040 | _cBiblioteca Lado V | ||
| 082 |
_a701.18 _bA658t |
||
| 100 |
_9828 _aAraeen, Rasheed _eeditora |
||
| 245 |
_aThird Text/ _bCriticalPerspectives on Contemporary Art & Culture | A New Beginning/ |
||
| 260 |
_bRoutledge _c2000 _aLondres |
||
| 300 |
_c19x25cm _a128p. |
||
| 366 | _eeng | ||
| 490 |
_a50 _v2000 _x0952-8822 |
||
| 505 | _aRasheed Araeen | ||
| 505 | _aJohan Lagae | ||
| 505 | _aGil Hochberg | ||
| 505 | _aRuth Kerkham | ||
| 505 | _aJon Brazil | ||
| 505 | _aDavid Clarke | ||
| 505 | _aWendy Belcher | ||
| 505 | _aDespoina Zefkili | ||
| 505 |
_aReviews _gIan McLean Jorella Andrews Tamara Stuby Dorian Ker |
||
| 505 |
_aBook Review _gRichard Hylton |
||
| 505 | _aContributors | ||
| 650 |
_2Tesauro de Arte & Arquitectura _aARTE _9703 |
||
| 650 |
_2Tesauro de Arte & Arquitectura _aCRITICA |
||
| 650 |
_2Tesauro de Arte & Arquitectura _aARTE CONTEMPORANEO |
||
| 650 |
_2Tesauro de Arte & Arquitectura _aAPRECIACION |
||
| 650 |
_2Tesauro de Arte & Arquitectura _aTEORIA |
||
| 650 |
_2Tesauro de Arte & Arquitectura _aANALISIS |
||
| 651 |
_2Tesauro de Arte & Arquitectura _aLONDRES |
||
| 942 |
_2ddc _c1 _h701.18 _iA658t _n0 |
||
| 999 |
_c3637 _d3637 |
||